Normal view
MARC view
- Bansal, Alok
Entry Personal Name
001 - CONTROL NUMBER
- control field: 105529
003 - CONTROL NUMBER IDENTIFIER
- control field: NUST
005 - DATE AND TIME OF LATEST TRANSACTION
- control field: 20221221123753.0
008 - FIXED-LENGTH DATA ELEMENTS
- fixed length control field: 221221|| aca||aabn | a|a d
040 ## - CATALOGING SOURCE
- Original cataloging agency: NUST
- Transcribing agency: NUST
100 ## - HEADING--PERSONAL NAME
- Personal name: Bansal, Alok
670 ## - SOURCE DATA FOUND
- Source citation: Work cat.: (NUST)0: Bansal, Alok., Balochistan in turmoil :, 2010.
